Matematická logika pre začiatočníkov. Zv.2 /
Enregistré dans:
| Auteur principal: | |
|---|---|
| Format: | Livre |
| Langue: | slovaque |
| Publié: |
Bratislava :
Alfa,
1970
|
| Édition: | 1.vyd. |
| Sujets: | |
| Tags: |
Pas de tags, Soyez le premier à ajouter un tag!
|
MARC
| LEADER | 00000nam a22000003a 4500 | ||
|---|---|---|---|
| 001 | stu43901 | ||
| 005 | 20150617225717.7 | ||
| 008 | 950112s1970----cs------------------slo-d | ||
| 040 | |a STU |b slo | ||
| 041 | 0 | |a slo | |
| 044 | |a cs | ||
| 080 | |a 510.6(035) |7 stu_us_auth*stu2974 | ||
| 100 | 1 | |a Varga, Tomáš |4 aut | |
| 245 | 1 | |a Matematická logika pre začiatočníkov. Zv.2 / |c [aut.]Tomáš Varga | |
| 250 | |a 1.vyd. | ||
| 260 | |a Bratislava : |b Alfa, |c 1970 | ||
| 300 | |a 280 s | ||
| 650 | 7 | |a logika matematická |2 stusub | |
| 650 | 7 | |a príručky |2 stusub | |
| 996 | |b 284J015855 |c J*19616 |l JJSK |s A |a 24 |w stu43901_0001 | ||